000 00680nam a2200265Ia 4500
005 20260121165205.0
008 008 260114s9999 xx 000 0 eng d
020 _a9783319589145
037 _aEBOOK
040 _aCRL
040 _beng
040 _cCRL
041 _2eng
041 _aeng
084 _qCRL
100 _aDavid F. Treagust, Reinders Duit, Hans E. Fischer
_91048623
245 0 _aMultiple Representations in Physics Education
260 _bSpringer
260 _bSpringer
260 _c2017
856 _uhttps://link.springer.com/openurl?genre=book&isbn=978-3-319-58914-5
942 _cEBOOK
999 _c1614348
_d1614348